00483nam a2200109Ia 4500008004100000050002300041100002700064245015300091260008600244300002800330521001500358140724s9999 xx 000 0 und d aBF 698b.D664 2013 aDolina, Ma Consetta Q. aCommon stressors and coping mechanism of selected college female students of Southville International School and Colleges /cMa. Consetta Q. Dolina. aLas Piñas, Philippines :bSouthville International School and Colleges,cc2013. a79 p. :bill. ;c28 cm. aPsychology